Changing Global economic & financial balance / (Record no. 40151)

MARC details
000 -LEADER
fixed length control field 00699nam a22001937a 4500
005 - DATE AND TIME OF LATEST TRANSACTION
control field 20100807153537.0
010 ## - LCCN (DPL NO)
LC control number ENG-98870
020 ## - INTERNATIONAL STANDARD BOOK NUMBER
Terms of availability 50.00
035 ## - SYSTEM CONTROL NUMBER
System control number EN-82402
037 ## - SOURCE OF ACQUISITION
Source of stock number/acquisition DBAD/PUB
082 ## - DEWEY DECIMAL CLASSIFICATION NUMBER
Classification number 338.91
100 ## - MAIN ENTRY--PERSONAL NAME
Personal name Pruthi, Surinder P S
245 ## - TITLE STATEMENT
Title Changing Global economic & financial balance /
Statement of responsibility, etc by Surinder P S Pruthi
260 ## - PUBLICATION, DISTRIBUTION, ETC. (IMPRINT)
Place of publication, distribution, etc New Delhi
Name of publisher, distributor, etc Pitambar Publishing
Date of publication, distribution, etc 2008
270 ## - ADDRESS
Address 888 East Park Road Karol Bagh
City New Delhi
Postal code 110005
300 ## - PHYSICAL DESCRIPTION
Extent 48p
Dimensions 18cm(pbk)
942 ## - ADDED ENTRY ELEMENTS (KOHA)
Source of classification or shelving scheme Dewey Decimal Classification
Item type English Books
Classification part 338.91
Call number suffix PRU
Holdings
Withdrawn status Lost status Not for loan Collection code Home library Current library Date acquired Source of acquisition Cost, normal purchase price Full call number Barcode Copy number Cost, replacement price Koha item type
    Not For Loan Non-fiction D.B.Act.Division D.B.Act.Division 07/08/2010 DBAD/PUB 50.00 338.91 PRU EN-82402 1 50.00 English Books

© Delhi Public Library
Hit Counter
free hit counter